| 000 | 00648cam a2200241 a 4500 | ||
|---|---|---|---|
| 005 | 20260322212029.0 | ||
| 008 | data | ||
| 010 | _a 87071335 | ||
| 020 | _a0876687877 | ||
| 020 | _a9780876687871 | ||
| 040 |
_aDLC _cDLC _dDLC |
||
| 050 | 0 | 0 |
_aRC438 _b.C48 1987 |
| 082 | 0 | 0 |
_a616.89/14/09 _219 |
| 096 | _aWM 420 C524g 1987 | ||
| 100 | 1 |
_aChessick, Richard D., _d1931- |
|
| 245 | 1 | 0 |
_aGreat ideas in psychotherapy / _cRichard D. Chessick. |
| 260 |
_aNorthvale, N.J. : _bJ. Aronson, _cc1987. |
||
| 300 |
_a462 p. ; _c24 cm. |
||
| 500 | _aIncludes index. | ||
| 504 | _aBibliography: p. [433]-456. | ||
| 650 | 0 |
_aPsychotherapy _xHistory. |
|
| 001 | data | ||
| 999 |
_c659 _d659 |
||